| 000 | 00702cam a2200193 a 4500 | ||
|---|---|---|---|
| 001 | 000002797 | ||
| 005 | 20200929150245.0 | ||
| 008 | 770816s1960 mx 000 0 spa | ||
| 040 |
_aDO-SdBNP _bspa _cBNPHU |
||
| 082 |
_a810.9 _bH848l |
||
| 100 | 1 |
_aHoward, León _98832 |
|
| 245 | 1 | 3 |
_aLa literatura y la tradición norteamericana / _cLeón Howard ; traducción de Luis Tapia Villalba. |
| 260 |
_aMéxico : _bNovaro, _c1960. |
||
| 300 |
_a354 p. ; _c22 cm. |
||
| 534 | _aTítulo en inglés: Literature and the american tradition | ||
| 650 | 4 |
_aLiteratura américana _xHistoria y crítica _98833 |
|
| 650 | 4 |
_aEstados unidos _xCaracterísticas nacionales _98834 |
|
| 700 | 1 |
_aTapia Villalba, Luis _etr. _98835 |
|
| 999 |
_c2631 _d2631 |
||